000 00858nam a2200229 a 4500
005 20210219160538.0
008 081110s2000 mx r 000 0 spa d
035 _aUPN01000167616
049 _aUNE
080 _a727.1 (548.82) =20 LUT No.12.
100 1 _aLuthfi, Mohamed
245 1 0 _aInnovation in primary school construction; Maldives community schools/ by Mohamed Luthfi; Habeeba Zubair.
260 _aBangkok : UNESCO, 1986.
300 _a35 p.; 30 x 21 cm. il., map.
440 0 _aEducational building report; 12
690 _aEdificios educacionales- EnseƱanza primaria
690 _aEscuelas comunitarias- Edificios educacionales- Maldivas
690 _aMaldivas- Edificios educacionales
700 1 _aZubair, Habeeba, coaut.
710 2 _aUNESCO. Principal Regional Office for Education in Asia andthe Pacific.
905 _aUNESCO
999 _c139727
_d139727